Práca učiteľa nesúvisiaca so vzdelávaním

Lepšie nastavenie procesov manažovania v škole a kvalitejší manažment školy odbremenia učiteľa od práce nesúvisiacej so vzdelávaním. Vytváranie podmienok pre efektívnu prácu učiteľa znamená dobré prostredie pre žiakov a ich nízky odliv z dôvodu nespokojnosti.

Gespeichert in:
Bibliographische Detailangaben
1. Verfasser: Lengyel, Peter
Format: Buchkapitel
Sprache:Slowakisch
Schlagworte:
Tags: Tag hinzufügen
Keine Tags, Fügen Sie das erste Tag hinzu!

MARC

LEADER 00000naa a2200000 4500
001 0227638
005 20220805075818.9
041 0 |a slo 
044 |a SK 
245 1 0 |a Práca učiteľa nesúvisiaca so vzdelávaním  |c Peter Lengyel 
520 |a Lepšie nastavenie procesov manažovania v škole a kvalitejší manažment školy odbremenia učiteľa od práce nesúvisiacej so vzdelávaním. Vytváranie podmienok pre efektívnu prácu učiteľa znamená dobré prostredie pre žiakov a ich nízky odliv z dôvodu nespokojnosti. 
610 2 0 |a manažment 
610 2 0 |a školy 
610 2 0 |a vyučovanie 
610 2 0 |a vzdelávanie 
610 2 0 |a organizácia práce 
610 2 0 |a učitelia 
610 2 0 |a kvalita vzdelávania 
610 2 0 |a efektívnosť vzdelávania 
100 1 |a Lengyel, Peter